| 000 | 00441nam a2200169Ia 4500 | ||
|---|---|---|---|
| 999 |
_c10903 _d10903 |
||
| 082 | _aRR 912.54 MOO-A | ||
| 100 | _aMoonis Raza | ||
| 245 | 0 | _aAtlas of the child in India | |
| 260 |
_aNew Delhi _bConcept Publishing _c1986 |
||
| 300 | _axx, 475p.: Maps | ||
| 504 | _aIncludes bibliography | ||
| 650 | _aChildren's atlases - India | ||
| 650 | _aIndia - Maps for children | ||
| 650 | _aAtlases | ||
| 700 | _aNanagia, Sudesh | ||
| 942 | _cBK | ||